|
|
|
|
| LEADER |
00000nam0a2200000 4500 |
| 001 |
332835 |
| 005 |
20231102004508.0 |
| 020 |
|
|
|a RU
|b 82-18428ж
|
| 035 |
|
|
|a (RuTPU)RU\TPU\book\358825
|
| 035 |
|
|
|a RU\TPU\book\358793
|
| 090 |
|
|
|a 332835
|
| 100 |
|
|
|a 20170601d1979 k y0rusy5003 ca
|
| 101 |
0 |
|
|a rus
|
| 102 |
|
|
|a RU
|
| 105 |
|
|
|a a z 001zy
|
| 200 |
1 |
|
|a Численный анализ и прогноз полей метеорологических элементов
|e [сборник статей]
|f Среднеазиатский научно-исследовательский гидрометеорологический институт и им. В. А. Бугаева (САНИГМИ) ; под ред. А. Д. Джураева, Т. И. Молосновой
|
| 210 |
|
|
|a Москва
|c Гидрометеоиздат
|d 1979
|
| 215 |
|
|
|a 128 с.
|c граф.
|
| 225 |
1 |
|
|a Труды Среднеазиатского регионального научно-исследовательского института им. В. А. Бугаева
|v Вып. 72 (153)
|
| 320 |
|
|
|a Библиогр. в конце ст.
|
| 606 |
1 |
|
|a Метеорологические наблюдения
|2 stltpush
|3 (RuTPU)RU\TPU\subj\43445
|9 62944
|
| 610 |
1 |
|
|a метеорология
|
| 610 |
1 |
|
|a математические методы
|
| 610 |
1 |
|
|a численный анализ
|
| 610 |
1 |
|
|a прогнозы
|
| 610 |
1 |
|
|a данные
|
| 610 |
1 |
|
|a автоматизированная обработка
|
| 610 |
1 |
|
|a контроль
|
| 610 |
1 |
|
|a схемы
|
| 675 |
|
|
|a 551.501
|z rus
|v 3
|
| 702 |
|
1 |
|a Джураев
|b А. Д.
|4 340
|
| 702 |
|
1 |
|a Молоснова
|b Т. И.
|4 340
|
| 712 |
0 |
2 |
|a Среднеазиатский научно-исследовательский гидрометеорологический институт и им. В. А. Бугаева (САНИГМИ)
|c (Ташкент)
|c (1958-2004)
|2 stltpush
|3 (RuTPU)RU\TPU\col\17051
|
| 801 |
|
0 |
|a RU
|b 63413507
|c 19950704
|g psbo
|
| 801 |
|
1 |
|a RU
|b 63413507
|c 20151218
|
| 801 |
|
2 |
|a RU
|b 63413507
|c 20170602
|g RCR
|
| 942 |
|
|
|c BK
|